Space in Japan : 1969-1970

Gespeichert in:
Bibliographische Detailangaben
Format: Buch
Sprache:Undetermined
Veröffentlicht: Tokyo Science and Technology Agency, Prime Minister’s Office
Schlagworte:
Tags: Tag hinzufügen
Keine Tags, Fügen Sie den ersten Tag hinzu!
Thư viện lưu trữ: Trung tâm Học liệu Trường Đại học Cần Thơ
LEADER 00530nam a2200193Ia 4500
001 CTU_88623
008 210402s9999 xx 000 0 und d
082 |a 629.4 
082 |b S732 
245 0 |a Space in Japan : 
245 0 |b 1969-1970 
245 0 |c Keidanren 
260 |a Tokyo 
260 |b Science and Technology Agency, Prime Minister’s Office 
650 |a Astronautics,Astronautics 
650 |x Research 
650 |z Japan,Japan 
904 |i Năm,Hải 
980 |a Trung tâm Học liệu Trường Đại học Cần Thơ